Specification for cold polymerized oil-extended raw styrene-butadiene rubber. (First Revision). (Record no. 73825)

MARC details
000 -LEADER
fixed length control field 00412nam a2200133Ia 4500
245 #0 - TITLE STATEMENT
Title Specification for cold polymerized oil-extended raw styrene-butadiene rubber. (First Revision).
260 ## - PUBLICATION, DISTRIBUTION, ETC. (IMPRINT)
Year of publication 1985
500 ## - GENERAL NOTE
General note Standard number: IS 5188
650 ## - SUBJECT ADDED ENTRY--TOPICAL TERM
Topical Term Cold polymerization
650 ## - SUBJECT ADDED ENTRY--TOPICAL TERM
Topical Term Oil extended SBR
650 ## - SUBJECT ADDED ENTRY--TOPICAL TERM
Topical Term Styrene butadiene rubber
942 ## - ADDED ENTRY ELEMENTS (KOHA)
Koha item type Standards
Holdings
Withdrawn status Lost status Damaged status Not for loan Collection code Home library Current library Date acquired Koha item type
      Standards Indian standards RRII Library RRII Library 31/12/2021 Standards